| 000 | 006910000a22001810004500 | ||
|---|---|---|---|
| 090 |
_aAR _b03268 |
||
| 245 | 1 | 0 | _aTaxonomy, Distribution, and natural history of the genus Heteromys (<Rodentia: Heteromyidae>) in Western Venezuela, with the description of a dwaef species from the peninsula de Paraguana |
| 650 | 1 | 4 |
_aBotánica _9361 |
| 650 | 1 | 4 |
_aSistemática vegetal _95234 |
| 650 | 1 | 4 |
_aMorfología vegetal _918295 |
| 650 | 1 | 4 |
_aEndemismo _948559 |
| 651 | 4 |
_lPenínsula de Paraguaná _pVenezuela _992749 |
|
| 653 |
_gHeteromys _eHeteromys anomalus |
||
| 041 | 0 | _aInglés | |
| 100 | 1 |
_aAnderson, Robert P. _994185 |
|
| 942 | _cARTICULO | ||
| 773 | 1 |
_tAmerican Museum Noviates _h3396 _q1-43 _d2003 |
|
| 999 |
_c12320 _d12320 |
||